| 000 | 01786cam a22004214i 4500 | ||
|---|---|---|---|
| 003 | PE-LiUPU | ||
| 005 | 20250731175620.0 | ||
| 008 | 150617s r 000 0 d | ||
| 020 | _a8424907833 | ||
| 035 | _a(Sirsi) i9788424907839 | ||
| 040 |
_aPE-LiUPU _bspa _cPE-LiUPU _erda |
||
| 049 | _aPRUA | ||
| 082 | 0 | 4 |
_a463 _bM26 _221 |
| 100 | 1 |
_aMarcos Marín, Francisco, _eautor. |
|
| 245 | 1 | 0 |
_aEstudios sobre el pronombre / _c[por] Francisco Marcos Marín. |
| 264 | 1 |
_aMadrid : _bEditorial Gredos, _c1978. |
|
| 300 |
_a332 páginas ; _c19 centímetros |
||
| 336 |
_atext _2rdacontent |
||
| 337 |
_aunmediated _2rdamedia |
||
| 338 |
_avolume _2rdacarrier |
||
| 490 | 0 |
_aBiblioteca Románica Hispánica. Estudios y Ensayos ; _v283 |
|
| 504 | _aIncluye bibliografía. | ||
| 505 | 0 | _aPlanteamiento -- El criterio normativo y la sopiniones de algunos gramáticos -- Apócope y leísmo en castellano medieval -- Observaciones sobre la redundancia pronominal, con atención a la construcción de relativo + pronombre redundante -- Usos anómalos y aparentamente anómalos en los textos -- Excurso necesario: notas sobre "se lo", "se le" -- Conclusiones generales. | |
| 526 | _aP145 | ||
| 526 | _aP127 | ||
| 526 | _aP97 | ||
| 526 | _aP35 | ||
| 526 | _aP14 | ||
| 526 | _aP07 | ||
| 650 | 0 | 4 |
_aEspañol _xPronombre. |
| 910 |
_ajck _bjvq _cjck _d20150616 |
||
| 942 |
_2ddc _cBOOK |
||
| 949 |
_a463 M26 _wDEWEY _c1 _i21136 _lCCODEBUL1 _mBUL _r0 _sY _tBOOK _u2015-6-17 _xEDUCACION _zUNKNOWN _0COMPRA _o.STAFF. Colección General |
||
| 994 |
_aC0 _bPEPRU |
||
| 596 | _a1 | ||
| 999 |
_a463 M26 _wDEWEY _c19183 _i21136 _f2021-11-5 _g5 _lCCODEBUL1 _mBUL _r0 _sY _tBOOK _u2015-6-17 _xBIBLIOTECA _zUNKNOWN _0COMPRA _o.STAFF. Colección General _d19183 |
||
| 980 |
_81 _gALBERTO SANCHEZ Responsable de Automatización |
||